| 000 | 00588nam a2200205Ia 4500 | ||
|---|---|---|---|
| 003 | OSt | ||
| 005 | 20230605204725.0 | ||
| 008 | 210423s2009 xx 000 0 und d | ||
| 040 | _cAL | ||
| 041 | _aeng | ||
| 082 |
_a361.3 _223 _bDEVS |
||
| 100 |
_aDEVI (Ranjnak),Ed _9119692 |
||
| 245 | _aSocial work: philosophy concepts and dimensions | ||
| 260 |
_aNew Delhi _bOmega Publication _c2009 |
||
| 365 |
_b650 _cINR |
||
| 650 |
_aSocial Problems & Services _9119693 |
||
| 650 |
_aSocial Work _9119694 |
||
| 906 | _aconcepts ; dimensions ; philosophy ; Social ; work: | ||
| 942 |
_2ddc _cBK |
||
| 999 |
_c175705 _d175705 |
||